Normal view MARC view
  • D'Egremy A., Francisco

Entry Nombre Personal

Number of records used in: 4

001 - NUMERO DE CONTROL

  • campo de control: 32928

003 - IDENTIFICADOR DE NUMERO DE CONTROL

  • campo de control: UPN

005 - FECHA Y HORA DE LA ÜLTIMA TRANSACCIÓN

  • campo de control: 20220915120934.0

008 - DATOS DE LONGITUD FIJA

  • campo de control de longitud fija: nabaccnnaabn|||||||||| b |nc|||||d

035 ## - NUMERO DE CONTROL

  • Número de control: UPN11000005035

040 ## - FUENTE DE CATALOGACIÓN

  • Lenguaje de catalogación: SPA
  • Agencia de transcripción: UPN
  • Agencia original de catalogación: UPN

053 #4 - NÚMERO DE CLASIFICACIÓN LC

  • Número de clasificación elemento-número único o número inicial de tramo: PQ7298.14 E3.7

100 1# - ENCABEZAMIENTO - NOMBRE PERSONAL

  • Nombre personal: D'Egremy A., Francisco

400 1# - VEÁSE - NOMBRE DE PERSONA

  • Personal name: Egremy A., Francisco d’

400 1# - VEÁSE - NOMBRE DE PERSONA

  • Personal name: D’Egremy A., Fco.

670 ## - FUENTE EN LA QUE SE LOCALIZARON DATOS

  • Cita de la fuente: LC

670 ## - FUENTE EN LA QUE SE LOCALIZARON DATOS

  • Cita de la fuente: En su obra: El mexicano bajo su sombrero, 1983:
  • Información localizada: portada (Fco. d’Egremy A.)

680 ## - NOTA PUBLICA DE ACCESO PÚBLICO

  • Frase explicativa de la referencia: Escritor mexicano

902 ## - CATALOGADOR

  • Catalogador: MITM/111212

902 ## - CATALOGADOR

  • Catalogador: NDAF/150922